Duchies of the Kingdom of Georgia on a Map - Statistics

General Stats
  • This quiz has been taken 49 times
  • The average score is 4 of 22
Answers on the Map
Answers color-coded by a green-red scale on the quiz's map according to % correct below.
 
Answer Stats
Answer % Correct
Abkhazia
91%
Tbilisi
85%
Kakheti
29%
Kartli
26%
Ajara
24%
Guria
21%
Svaneti
21%
Samtskhe
15%
Odishi
12%
Racha-Takveri
12%
Shaki
12%
Akhalkalaki
9%
Gagi
9%
Hereti
9%
Kari
9%
Khachen
9%
Khornabuji
9%
Kutatisi
9%
Lore
9%
Panaskerti
9%
Tmogvi
9%
Tskhumi-Apshileti
9%
No matching quizzes found
Score Distribution
Percent of People with Each Score
Percentile by Number Answered
Your Score History
You have not taken this quiz